• AIU
  • Tony Wilmot Memorial Library

Philosophy of Christian school education / (Record no. 35876)

MARC details
000 -LEADER
fixed length control field 00650nam a22002051a 4500
003 - CONTROL NUMBER IDENTIFIER
control field NEGST
005 - DATE AND TIME OF LATEST TRANSACTION
control field 20150620020005.0
008 - FIXED-LENGTH DATA ELEMENTS--GENERAL INFORMATION
fixed length control field 030618s1995 cou 001 0 eng d
245 00 - TITLE STATEMENT
Title Philosophy of Christian school education /
Statement of responsibility, etc eds. Paul A. Kienel, Ollie E Gibbs, Sharon R. Berry.
Medium [Text]
260 ## - PUBLICATION, DISTRIBUTION, ETC. (IMPRINT)
Place of publication, distribution, etc Colorado Springs, Co
Name of publisher, distributor, etc ACSI
Date of publication, distribution, etc c1995
300 ## - PHYSICAL DESCRIPTION
Extent xviii, 484p : ill.
500 ## - GENERAL NOTE
General note Includes bibliographical references and index.
590 ## - LOCAL NOTE (RLIN)
Local note Accession number: 21225
650 #0 - SUBJECT ADDED ENTRY--TOPICAL TERM
Topical term or geographic name as entry element Christian education
General subdivision Philosophy.
700 1# - ADDED ENTRY--PERSONAL NAME
Personal name Kienel, Paul A.
700 1# - ADDED ENTRY--PERSONAL NAME
Personal name Gibbs, Ollie E.
700 1# - ADDED ENTRY--PERSONAL NAME
Personal name Berry, Sharon R.
942 00 - ADDED ENTRY ELEMENTS (KOHA)
Koha issues (borrowed), all copies 1
Holdings
Withdrawn status Lost status Source of classification or shelving scheme Damaged status Not for loan Collection code Home library Current library Shelving location Date acquired Cost, normal purchase price Total Checkouts Full call number Barcode Date last seen Date checked out Copy number Price effective from Koha item type
    Library of Congress Classification     General Circulation AIU/NEGST - Tony Wilmot Memorial Library AIU/NEGST - Tony Wilmot Memorial Library General Stacks 11/05/2009 40.00 8 LC 531.P492 1995 R22973K3232 09/02/2019 06/19/2015 1 11/05/2009 Books